| 000 | 00818nam a2200217 i 4500 | ||
|---|---|---|---|
| 001 | 66819 | ||
| 003 | ES-MaACL | ||
| 005 | 20250808232907.0 | ||
| 007 | t| | ||
| 008 | 040405s2003 sp ||||1| spa d | ||
| 080 | _a336.2 (460) | ||
| 100 | 1 |
_aColomer Ferrándiz, Carlos. _939853 |
|
| 245 | 1 | 0 |
_aJurisprudencia del impuesto sobre sucesiones y donaciones / _cCarlos Colomer Ferrándiz. |
| 260 |
_a[Madrid] : _bColegio de Registradores de la Propiedad y Mercantiles de España, _c[2003] |
||
| 300 |
_a252 p. ; _c23 cm. |
||
| 650 | 1 | 4 |
_aImpuesto sobre sucesiones y donaciones- _vJurisprudencia. _913632 |
| 650 | 7 |
_aHerencias y sucesiones- _zEspaña _2 _9162042 |
|
| 710 | 2 |
_aColegio de Registradores de la Propiedad y Mercantiles de España. _92938 |
|
| 852 |
_aES-MaACL _jL-27298 _bR.132897 |
||
| 999 |
_c66819 _d66819 |
||